[Event "Challenge"]
[Site "http://www.queenalice.com/game.php?id=790426"]
[Date "2010.6.15"]
[Round "-"]
[White "robertosergio"]
[Black "Richardlim"]
[Result "0-1"]
[WhiteElo "1096"]
[BlackElo "2254"]

1. e4 c5 2. Nf3 d6 3. g4 Bxg4 4. Be2 Nf6 5. O-O Nxe4 6. Nh4 Bh3 7. Bd3 e6 8.
Bxe4 d5 9. c3 dxe4 10. f4 Bxf1 11. Qxf1 Qxh4 12. Qb5+ Nd7 13. Qf1 Bd6 14. d4
cxd4 15. cxd4 O-O 16. Nc3 Nf6 17. Nb5 Ng4 18. Nxd6 Qxh2# 0-1

[Event "Challenge"]
[Site "http://www.queenalice.com/game.php?id=822147"]
[Date "2010.8.23"]
[Round "-"]
[White "robertosergio"]
[Black "castropereira"]
[Result "1-0"]
[WhiteElo "1143"]
[BlackElo "1127"]

1. d4 g5 2. Nf3 g4 3. Ng1 h5 4. h4 a5 5. Nc3 c6 6. e4 a4 7. a3 b5 8. b3 axb3 9.
cxb3 Nf6 10. g3 d6 11. Nge2 e6 12. Bg2 Na6 13. Bg5 Qe7 14. b4 c5 15. dxc5 Qd8
16. O-O Rg8 17. e5 Nh7 18. Bxd8 dxc5 19. Bb6 Nb8 20. Bxa8 Ke7 21. Bxc5+ Ke8 22.
Be4 Nd7 23. Bxf8 Rxf8 24. Bxh7 Nxe5 25. Nxb5 Bd7 26. Nd6+ Kd8 27. Rc1 Nf3+ 28.
Kg2 Ne5 29. Rc5 Nc6 30. Qa4 Nb8 31. Qa7 Bc6+ 32. Rxc6 Nxc6 33. Qa8+ Ke7 34. Qxc6
Rh8 35. Be4 Kf6 36. Qc5 Ke7 37. Bc6 Kf8 38. Qa7 Kg7 39. Nxf7 Rf8 40. Ng5+ Kf6
41. Qd4+ e5 42. Qe3 Rc8 43. Be4 Rc2 44. Rd1 Kg7 45. b5 Rc5 46. a4 Rc8 47. Rd6
Rf8 48. b6 Ra8 49. b7 Rb8 50. Rd7+ Kg8 51. a5 Rf8 52. Bd5+ Kh8 53. Qxe5+ Rf6 54.
Qxf6# 1-0

[Event "Challenge"]
[Site "http://www.queenalice.com/game.php?id=822149"]
[Date "2010.8.23"]
[Round "-"]
[White "castropereira"]
[Black "robertosergio"]
[Result "0-1"]
[WhiteElo "1071"]
[BlackElo "1096"]

1. e4 d6 2. Nc3 b6 3. Qe2 Ba6 4. Qd1 Bxf1 5. Kxf1 g5 6. Nce2 Nf6 7. Nc3 Bg7 8.
Nb1 Nxe4 9. f3 Nf6 10. Nh3 h6 11. Qe1 O-O 12. a4 Nh7 13. g3 c5 14. c4 Nc6 15. g4
Ne5 16. f4 Nxc4 17. b3 Na5 18. f5 Bxa1 19. d3 Nxb3 20. Be3 Nf6 21. Nc3 Nxg4 22.
Rg1 Nxe3+ 23. Qxe3 Bxc3 24. Qe1 Bxe1 25. Kxe1 Nd4 26. Kd1 Nf3 27. Rf1 Nxh2 28.
Rf2 f6 29. Rxh2 b5 30. Rb2 Qa5 31. Ra2 bxa4 32. Ra1 Qc3 33. Rc1 Qxd3+ 34. Ke1
Qxh3 35. Kd1 Rac8 36. Ra1 Qh1+ 37. Kc2 Qxa1 38. Kd2 Rb8 39. Ke2 g4 40. Kd2 Rb3
41. Kc2 Qb1+ 42. Kd2 a3 43. Ke2 a2 44. Kd2 a1=Q 45. Ke2 Qaa2# 0-1

[Event "Challenge"]
[Site "http://www.queenalice.com/game.php?id=834293"]
[Date "2010.9.17"]
[Round "-"]
[White "montelo"]
[Black "robertosergio"]
[Result "1-0"]
[WhiteElo "2138"]
[BlackElo "1143"]

1. e4 e5 2. Qh5 g6 3. Qxe5+ Be7 4. Qxh8 d6 5. Qxg8+ Kd7 6. Qxf7 b6 7. Qxh7 c5 8.
Qxg6 Bb7 9. Bb5+ Bc6 10. Qf5+ Kc7 11. Nc3 Qf8 12. Qh7 Qd8 13. Nd5+ Bxd5 14. exd5
a6 15. Bd3 Nd7 16. Ne2 a5 17. Nf4 Nf6 18. Qf7 a4 19. Ne6+ Kc8 20. Nxd8 Kxd8 21.
O-O Nxd5 22. Qxd5 Ra5 23. Bg6 c4 24. Qb7 Rg5 25. Qxb6+ Kd7 26. Qa7+ Ke6 27. Qe3+
Kf6 28. Qe4 Kg7 29. Be8 d5 30. Qxe7+ Kh6 31. d3 cxd3 32. Qxg5+ Kh7 33. Qg6+ Kh8
34. Bh6 dxc2 35. Qg7# 1-0

[Event "Challenge"]
[Site "http://www.queenalice.com/game.php?id=834294"]
[Date "2010.9.17"]
[Round "-"]
[White "robertosergio"]
[Black "montelo"]
[Result "0-1"]
[WhiteElo "1096"]
[BlackElo "2137"]

1. e4 e5 2. Ne2 Bc5 3. f3 Qh4+ 4. Ng3 d6 5. c4 Nf6 6. Qa4+ c6 7. d3 Nh5 8. b4
Bd4 9. Qa5 Bxa1 10. Qc7 Na6 11. Qxd6 Nxg3 12. Qxe5+ Bxe5 13. a3 Nxh1+ 14. Kd1
Qxh2 15. b5 Nc5 16. Nd2 Nf2+ 17. Ke1 Qg1 18. bxc6 Nfxd3+ 19. Kd1 bxc6 20. g4 Bf4
21. Bb2 Nxb2+ 22. Kc1 Qxf1+ 23. Kc2 Qd3+ 24. Kc1 Qxd2+ 25. Kb1 Nd1 26. Ka1 Qb2#
0-1

[Event "Challenge"]
[Site "http://www.queenalice.com/game.php?id=905110"]
[Date "2011.2.24"]
[Round "-"]
[White "robertosergio"]
[Black "kumite"]
[Result "0-1"]
[WhiteElo "1242"]
[BlackElo "1312"]

1. e4 g6 2. g3 Bg7 3. Nf3 b6 4. Bh3 e6 5. O-O Bb7 6. Qe1 a5 7. d3 a4 8. a3 Ra5
9. b4 Rh5 10. Bg4 Rh6 11. Ra2 Nf6 12. Bxh6 Bxh6 13. Bh3 Nc6 14. Nc3 O-O 15. Nxa4
d5 16. exd5 Qxd5 17. c4 Qxf3 18. Re2 Nd4 19. Re3 Qh1# 0-1

[Event "Challenge"]
[Site "http://www.queenalice.com/game.php?id=971912"]
[Date "2011.8.12"]
[Round "-"]
[White "robertosergio"]
[Black "Richardlim"]
[Result "0-1"]
[WhiteElo "1216"]
[BlackElo "2227"]

1. g3 d5 2. e3 e5 3. Bb5+ c6 4. Be2 e4 5. a3 Nf6 6. Nc3 Bd6 7. b4 a6 8. h4 b5 9.
d3 exd3 10. cxd3 O-O 11. Nf3 Bg4 12. Nd4 Qd7 13. Qd2 Be5 14. Qd1 Bxd4 15. exd4
Bxe2 16. Nxe2 Qf5 17. Nf4 Re8+ 18. Kf1 Re7 19. Rh2 Nbd7 20. Be3 Rae8 21. Rc1 Nb8
22. Rc2 Ng4 23. Rg2 Nxe3+ 24. fxe3 Rxe3 25. Rge2 Qg4 26. Re1 Rxe1+ 27. Qxe1
Rxe1+ 28. Kf2 Qd1 29. Re2 Rf1+ 30. Ke3 Nd7 31. g4 Rxf4 32. Kxf4 Qxe2 33. Kg5 Qf3
34. h5 Qf6# 0-1

[Event "Challenge"]
[Site "http://www.queenalice.com/game.php?id=1038786"]
[Date "2012.3.14"]
[Round "-"]
[White "Richardlim"]
[Black "robertosergio"]
[Result "1-0"]
[WhiteElo "2234"]
[BlackElo "1216"]

1. c4 c5 2. Nc3 Nc6 3. g3 b6 4. Bg2 e5 5. d3 Nf6 6. Qa4 a6 7. Bxc6 Ra7 8. Bg2 h5
9. Nb5 Ra8 10. Bxa8 axb5 11. Qxb5 Ng4 12. a4 Qc7 13. a5 bxa5 14. Qxa5 Qd6 15.
Bd5 Qe7 16. Qc7 d6 17. Qxc8+ Qd8 18. Qxd8+ Kxd8 19. Nh3 f5 20. Ng5 Be7 21. Nf7+
Kd7 22. Nxh8 f4 23. Ra7+ Kd8 24. Be6 Nf6 25. Nf7+ Ke8 26. Ra8+ Bd8 27. Nxd8 g5
28. Nc6# 1-0

[Event "Com PC Agora vai!"]
[Site "http://www.queenalice.com/game.php?id=1038787"]
[Date "2012.3.14"]
[Round "-"]
[White "robertosergio"]
[Black "Richardlim"]
[Result "0-1"]
[WhiteElo "1216"]
[BlackElo "2249"]

1. e4 c5 2. c3 d5 3. Qa4+ Bd7 4. Qc4 dxc4 5. Bxc4 Nc6 6. Be2 e5 7. d3 h6 8. Nf3
Bg4 9. h3 Bxf3 10. Bxf3 Qxd3 11. Na3 Rd8 12. Nc4 Qxc4 13. Be2 Qxe4 14. f3 Qh4+
15. Kf1 a6 16. a3 b5 17. Be3 c4 18. Bb6 Rd2 19. Bf2 Qd8 20. Re1 Rxb2 21. g4 Rb3
22. h4 Bxa3 23. Rd1 Qa5 24. Rd5 Qxc3 25. Rd6 Bxd6 26. g5 hxg5 27. hxg5 Rxh1+ 28.
Bg1 Qe3 29. Kg2 Qxg1# 0-1

[Event "Challenge"]
[Site "http://www.queenalice.com/game.php?id=1079498"]
[Date "2012.7.5"]
[Round "-"]
[White "Richardlim"]
[Black "robertosergio"]
[Result "1-0"]
[WhiteElo "2271"]
[BlackElo "1212"]

1. e4 e5 2. Nf3 Nc6 3. Bc4 a5 4. d3 d6 5. Ng5 Nh6 6. Qf3 f6 7. Ne6 Qd7 8. Bxh6
gxh6 9. Qxf6 Qe7 10. Nxc7+ Qxc7 11. Qxh8 Nb4 12. Na3 Qg7 13. Qxg7 Bxg7 14. O-O
b6 15. c3 Na6 16. Bg8 Nc5 17. Bd5 Ra7 18. d4 Nd3 19. Nb5 Re7 20. Nxd6+ Kd8 21.
Nxc8 Kxc8 22. dxe5 Rxe5 23. b3 h5 24. c4 Nb4 25. Rfd1 Re8 26. Rab1 Nxa2 27. Rd3
Nb4 28. Rf3 Nxd5 29. exd5 Rd8 30. Rf7 Rd7 31. Rxd7 Kxd7 32. Re1 Bf8 33. Re5 h4
34. Rh5 h6 35. Rxh4 Kd8 36. Kf1 Kd7 37. Ke2 Kd6 38. Kd2 Kd7 39. Ke3 Kd6 40. Rf4
Be7 41. Re4 h5 42. Kf4 Bf6 43. Re6+ Kd7 44. Rxf6 Ke7 45. Kf5 Kd7 46. Rxb6 Kc7
47. Rh6 Kd7 48. Rxh5 Kd6 49. Ke4 Kc5 50. Kd3 Kb4 51. Kc2 a4 52. bxa4 Kxa4 53. d6
Kb4 54. Kd3 1-0

[Event "Memo José Lima"]
[Site "http://www.queenalice.com/game.php?id=1081411"]
[Date "2012.7.10"]
[Round "1"]
[White "robertosergio"]
[Black "jw16js"]
[Result "0-1"]
[WhiteElo "1216"]
[BlackElo "1540"]

1. d4 d5 2. e3 e6 3. Bb5+ c6 4. Ba4 b5 5. Bb3 a5 6. a4 Bb4+ 7. Nc3 Qg5 8. g3 Bb7
9. Nh3 Qf6 10. O-O Nh6 11. Qe2 Qf5 12. Nf4 Bd6 13. Ba2 b4 14. Nb1 Ba6 15. Qe1
Ng4 16. Qd1 Bxf1 17. Kxf1 Nxh2+ 18. Kg2 Ng4 19. c3 g5 20. Qe2 h5 21. cxb4 Bxb4
22. Bb3 h4 23. Nd2 Bxd2 24. Bxd2 gxf4 25. gxf4 h3+ 26. Kh1 h2 27. f3 Nf6 28. Rg1
Nbd7 29. Rg2 Qb1+ 30. Be1 Rb8 31. Rxh2 Nh5 32. Kg1 Rg8+ 33. Kf2 Rxb3 34. Kf1 Qg6
35. Rh1 Ndf6 36. Bxa5 Ng3+ 37. Ke1 Nxe2 38. Kxe2 Qd3+ 39. Kf2 Rxb2+ 40. Ke1 Qb1#
0-1

[Event "Memo José Lima"]
[Site "http://www.queenalice.com/game.php?id=1131904"]
[Date "2012.12.17"]
[Round "2"]
[White "Richardlim"]
[Black "robertosergio"]
[Result "1-0"]
[WhiteElo "2272"]
[BlackElo "1212"]

1. e4 e5 2. Nf3 Nc6 3. d4 f6 4. dxe5 fxe5 5. Nxe5 Nxe5 6. Qh5+ Nf7 7. Bc4 g6 8.
Bxf7+ Kxf7 9. Qd5+ Kg7 10. Qd4+ Nf6 11. e5 Ne8 12. e6+ Kg8 13. O-O Bd6 14. exd7
Bxd7 15. Bh6 Bf5 16. Qd5+ Be6 17. Qxe6# 1-0

[Event "Memo José Lima"]
[Site "http://www.queenalice.com/game.php?id=1151793"]
[Date "2013.2.14"]
[Round "3"]
[White "robertosergio"]
[Black "JOROVAS"]
[Result "0-1"]
[WhiteElo "1212"]
[BlackElo "1661"]

1. Nf3 d5 2. g3 Bg4 3. h3 Bxf3 4. exf3 Nf6 5. Be2 e6 6. c3 c6 7. b4 g6 8. O-O
Bg7 9. Na3 Qd7 10. f4 O-O 11. d4 Ne4 12. Bb2 e5 13. f3 Nxg3 14. Re1 exf4 15. Bc1
Qf5 16. Bd3 Qxh3 17. Bxf4 Qh1+ 18. Kf2 Qh2+ 19. Ke3 Re8+ 20. Be5 Bxe5 21. Qd2
Bf6+ 22. Kf4 Qxd2+ 23. Kxg3 Rxe1 24. Rxe1 Qxe1+ 25. Kf4 Qc1+ 26. Kg3 Qxa3 27.
Kf4 Qxc3 28. Be2 Qd2+ 29. Kg4 Qxe2 30. Kf4 h5 31. Kg3 Nd7 32. a3 Re8 33. a4 Re3
34. Kf4 Qxf3# 0-1

[Event "Challenge"]
[Site "http://www.queenalice.com/game.php?id=1168287"]
[Date "2013.4.4"]
[Round "-"]
[White "Richardlim"]
[Black "robertosergio"]
[Result "1-0"]
[WhiteElo "2247"]
[BlackElo "1210"]

1. e4 e5 2. Nf3 Nc6 3. Bc4 Qf6 4. Nc3 Na5 5. Nd5 Qc6 6. Nxe5 Qd6 7. d4 Nxc4 8.
Nxc4 Qa6 9. Nxc7+ Kd8 10. Nxa6 bxa6 11. O-O Rb8 12. d5 d6 13. e5 dxe5 14. Nxe5
Rb7 15. Qf3 f6 16. Nf7+ Rxf7 17. d6 Bxd6 18. Rd1 Rd7 19. Bf4 Bb7 20. Qg4 h5 21.
Qe6 Nh6 22. Rxd6 Bc8 23. Rxd7+ Bxd7 24. Qxa6 Re8 25. Rd1 Re7 26. Qxa7 Ke8 27.
Qa8+ Kf7 28. Bxh6 gxh6 29. Qd5+ Be6 30. Qxh5+ Kg8 31. Qg6+ Rg7 32. Rd8# 1-0

[Event "Challenge"]
[Site "http://www.queenalice.com/game.php?id=1168288"]
[Date "2013.4.4"]
[Round "-"]
[White "robertosergio"]
[Black "Richardlim"]
[Result "0-1"]
[WhiteElo "1210"]
[BlackElo "2255"]

1. e4 e5 2. c3 Nf6 3. f3 Nxe4 4. fxe4 Qh4+ 5. g3 Qxe4+ 6. Qe2 Qxh1 7. Qg2 Qxg2
8. Bxg2 Bc5 9. Nf3 d6 10. b4 Bb6 11. d3 c6 12. Ng5 Bf5 13. Be4 Bg6 14. Bf3 Bxd3
15. Be2 Bxe2 16. Kxe2 O-O 17. a3 Nd7 18. Nd2 Rae8 19. a4 f6 20. Bb2 fxg5 21. a5
Bc7 22. Rf1 Rxf1 23. Kxf1 d5 24. g4 Rf8+ 25. Ke1 e4 26. c4 e3 27. Nf3 Rxf3 28.
Bc1 dxc4 29. a6 bxa6 30. Ke2 Rh3 31. Bxe3 Rxh2+ 32. Kf3 Bb6 33. Bxg5 Rb2 34. Bc1
Rxb4 35. g5 c3 36. Kg3 Re4 37. Kf3 Re8 38. Kg3 a5 39. Kg2 a4 40. Ba3 Bc5 41. Bc1
a3 42. Bf4 a2 43. Kg3 a1=Q 44. Kg4 c2 45. Bg3 c1=Q 46. Bf4 Qd4 47. Kf5 Qdxf4#
0-1

[Event "Challenge"]
[Site "http://www.queenalice.com/game.php?id=1172256"]
[Date "2013.4.16"]
[Round "-"]
[White "robertosergio"]
[Black "dejami"]
[Result "0-1"]
[WhiteElo "1212"]
[BlackElo "1685"]

1. e4 e5 2. Nf3 Nh6 3. Nxe5 d6 4. Nc4 d5 5. Ne3 dxe4 6. g4 f5 7. gxf5 Bxf5 8.
Nxf5 Nxf5 9. Bh3 Nd4 10. Nc3 Nf3+ 11. Kf1 Qh4 12. Bf5 Bc5 13. Qe2 O-O 14. Bxe4
Nxh2+ 15. Ke1 Bxf2+ 16. Kd1 Nd7 17. a4 Rae8 18. b3 Nc5 19. Ba3 Rf4 20. Bd5+ Kf8
21. Qb5 b6 22. Qc6 Qe7 23. Rxh2 Qe1# 0-1

[Event "Challenge"]
[Site "http://www.queenalice.com/game.php?id=1184467"]
[Date "2013.5.25"]
[Round "-"]
[White "dejami"]
[Black "robertosergio"]
[Result "1-0"]
[WhiteElo "1693"]
[BlackElo "1210"]

1. e4 e5 2. d3 c5 3. Nh3 Na6 4. Qf3 Qa5+ 5. Bd2 Nb4 6. Na3 Nh6 7. Kd1 Be7 8. Qg3
Rg8 9. Bxh6 Nxc2 10. Nxc2 Qb5 11. Bc1 f6 12. d4 Qb6 13. Bc4 d5 14. Bxd5 Rf8 15.
Qxg7 a5 16. Qxh7 Qc7 17. dxe5 fxe5 18. Ng5 Qd6 19. Qh5+ Kd8 20. f3 Ra6 21. Bd2
Rb6 22. Ne6+ Bxe6 23. Bxe6 Qxe6 24. Kc1 Rg8 25. g4 Ra6 26. Rd1 Qf6 27. Qh3 Rh8
28. Qg3 b6 29. Bg5+ Ke8 30. Bxf6 Bxf6 31. g5 Be7 32. Qxe5 Rxh2 33. Qxh2 Bxg5+
34. Kb1 b5 35. Qe5+ Be7 36. Qb8+ Kf7 37. Qf4+ Rf6 38. Qg4 Rg6 39. Qh5 b4 40. b3
Bf6 41. e5 1-0

[Event "100 anos-CSC"]
[Site "http://www.queenalice.com/game.php?id=1246780"]
[Date "2014.1.9"]
[Round "-"]
[White "robertosergio"]
[Black "Richardlim"]
[Result "0-1"]
[WhiteElo "1210"]
[BlackElo "2112"]

1. e3 e5 2. h4 e4 3. Nc3 d5 4. b3 Be7 5. Bb5+ c6 6. Ba4 b5 7. Nxb5 cxb5 8. Bxb5+
Bd7 9. Be2 Bxh4 10. g3 Bg5 11. a4 Be7 12. Bf1 Nf6 13. Ne2 O-O 14. Nf4 Bg4 15.
Be2 Bxe2 16. Nxe2 Nc6 17. Nf4 Qc7 18. Qe2 Nb4 19. O-O Nxc2 20. Ra2 Nb4 21. Ra1
Rab8 22. Bb2 Qd7 23. Rac1 Bd6 24. d4 Bxf4 25. gxf4 Qh3 26. f3 Nh5 27. fxe4 Ng3
28. Qf3 dxe4 29. Qg2 Qxg2+ 30. Kxg2 Nxf1 31. Rxf1 Nd3 32. Ba3 Rfc8 33. Rd1 Rxb3
34. Ra1 Rc4 35. Be7 Nb4 36. Rf1 Rxe3 37. f5 Rc2+ 38. Rf2 Rxf2+ 39. Kxf2 Rf3+ 40.
Ke2 Nd5 41. Bg5 Nc3+ 42. Kd2 Nxa4 43. Ke2 Rxf5 44. Bh4 Nc3+ 45. Kd2 Rf3 46. Kc2
f5 47. Be1 Nb5 48. d5 Rd3 49. Kc1 Rxd5 50. Bf2 h5 51. Kc2 g5 52. Bg1 f4 53. Bf2
e3 54. Bxe3 fxe3 55. Kb3 e2 56. Kc4 Rf5 57. Kb4 e1=Q+ 58. Kc4 Qc3# 0-1

[Event "Challenge"]
[Site "http://www.queenalice.com/game.php?id=1296925"]
[Date "2014.7.24"]
[Round "-"]
[White "Richardlim"]
[Black "robertosergio"]
[Result "1-0"]
[WhiteElo "2162"]
[BlackElo "1203"]

1. e4 e5 2. Nf3 Nf6 3. Nxe5 Nxe4 4. Qe2 Qe7 5. Qxe4 d6 6. d4 dxe5 7. Qxe5 Qxe5+
8. dxe5 Bf5 9. Bd3 Bxd3 10. cxd3 Nc6 11. O-O Nxe5 12. Re1 Rd8 13. Rxe5+ Be7 14.
Re3 Kf8 15. Nc3 h5 16. b3 Rh6 17. Bb2 Re6 18. Rxe6 fxe6 19. Rd1 a5 20. g3 g6 21.
Ne2 b6 22. Nf4 Kf7 23. h4 Bf6 24. Bxf6 Kxf6 25. Kg2 e5 26. Nh3 c5 27. f3 b5 28.
Nf2 b4 29. Ne4+ Ke6 30. Nxc5+ Kd6 31. Nb7+ Kd7 32. Nxd8 Kxd8 33. Re1 Kd7 34.
Rxe5 Kd6 35. Rxa5 Kd7 36. Ra4 Kd6 37. Rxb4 Ke6 38. Rc4 Kf6 39. a4 Kf5 40. a5 Kf6
41. a6 Kf5 42. a7 Kf6 43. a8=Q Kf5 44. Qe4+ Kf6 45. Rc6+ Kg7 46. Qxg6+ Kf8 47.
Qh6+ Ke8 48. Qh7 Kd8 49. Rg6 Ke8 50. Rg8# 1-0